Komisionárska zmluva - typická obchodná zmluva

Enregistré dans:
Détails bibliographiques
Auteur principal: Válková, Katarína
Format: Chapitre de livre
Langue:slovaque
Tags: Ajouter un tag
Pas de tags, Soyez le premier à ajouter un tag!

MARC

LEADER 00000naa$a2200000$$$4500
001 0065513
005 20240502071756.4
041 0 |a slo 
044 |a SK 
245 1 0 |a Komisionárska zmluva - typická obchodná zmluva  |c Katarína Válková 
100 1 |a Válková, Katarína